[Event "DVM U20 2022"]
[Site "Münster GER"]
[Date "2022.12.27"]
[Round "2"]
[White "Engel, Luis"]
[Black "Nguyen, Alex Dac-Vuong"]
[Result "1-0"]
[Termination "normal"]
[Board "1.1"]
[WhiteTitle "GM"]
[BlackTitle "FM"]
[WhiteElo "2555"]
[BlackElo "2310"]
[WhiteClock "00:30:27"]
[BlackClock "00:14:24"]
[WhiteTeam "Hamburger SK von 1830 eV"]
[BlackTeam "Schachgemeinschaft Leipzig"]
[PlyCount "99"]
[WhiteFideId "12961523"]
[BlackFideId "12984388"]
[EventCountry "GER"]
[EventRounds "7"]
[EventType "team-swiss"]
[EventDate "2022.12.26"]

1. e4 {[%emt 0:00:02]} e5 {[%emt 0:00:05]} 2. Bc4 {[%emt 0:00:35]} Nf6 {[%emt
0:00:08]} 3. d3 {[%emt 0:00:05]} c6 {[%emt 0:00:10]} 4. Nf3 {[%emt 0:00:05]} d5
{[%emt 0:00:06]} 5. Bb3 {[%emt 0:00:05]} a5 {[%emt 0:06:15]} 6. a4 {[%emt
0:00:05]} Bd6 {[%emt 0:00:42]} 7. Bg5 {[%emt 0:08:26]} Be6 {[%emt 0:02:00]} 8.
exd5 {[%emt 0:02:19]} cxd5 {[%emt 0:03:48]} 9. O-O {[%emt 0:01:57]} Nc6 {[%emt
0:02:42]} 10. Nc3 {[%emt 0:02:44]} Bc7 {[%emt 0:03:16]} 11. Nb5 {[%emt
0:06:33]} Bb8 {[%emt 0:01:26]} 12. d4 {[%emt 0:10:47]} e4 {[%emt 0:05:27]} 13.
Nd2 {[%emt 0:00:05]} h6 {[%emt 0:00:38]} 14. Bh4 {[%emt 0:01:17]} g5 {[%emt
0:05:38]} 15. Bg3 {[%emt 0:00:05]} Bxg3 {[%emt 0:03:47]} 16. fxg3 {[%emt
0:08:04]} O-O {[%emt 0:04:01]} 17. Kh1 {[%emt 0:03:46]} Kg7 {[%emt 0:01:18]}
18. Qe2 {[%emt 0:01:13]} Qd7 {[%emt 0:03:10]} 19. c4 {[%emt 0:05:51]} Rae8
{[%emt 0:02:37]} 20. Rae1 {[%emt 0:09:21]} Re7 {[%emt 0:13:22]} 21. h3 {[%emt
0:02:58]} Nb4 {[%emt 0:07:53]} 22. Rd1 {[%emt 0:06:24]} Nd3 {[%emt 0:08:25]}
23. cxd5 {[%emt 0:02:23]} Bxh3 {[%emt 0:02:29]} 24. gxh3 {[%emt 0:00:47]} Qxh3
{[%emt 0:00:09]} 25. Qh2 {[%emt 0:00:06]} Qxh2 {[%emt 0:00:14]} 26. Kxh2 {[%emt
0:00:05]} e3 {[%emt 0:06:27]} 27. d6 {[%emt 0:00:13]} Ree8 {[%emt 0:00:46]} 28.
Nc7 {[%emt 0:12:07]} e2 {[%emt 0:09:07]} 29. Nxe8 {[%emt 0:00:05]} Rxe8 {[%emt
0:00:04]} 30. Nc4 {[%emt 0:06:02]} exf1=Q {[%emt 0:07:45]} 31. Rxf1 {[%emt
0:00:03]} Re2 {[%emt 0:00:07]} 32. Kg1 {[%emt 0:00:04]} Nxb2 {[%emt 0:00:18]}
33. Nxa5 {[%emt 0:03:59]} Rd2 {[%emt 0:00:22]} 34. Nxb7 {[%emt 0:01:23]} Rxd4
{[%emt 0:00:24]} 35. a5 {[%emt 0:00:44]} Rd3 {[%emt 0:01:42]} 36. Rxf6 {[%emt
0:03:34]} Kxf6 {[%emt 0:00:45]} 37. a6 {[%emt 0:00:14]} Rxg3 {[%emt 0:00:29]}
38. Kh2 {[%emt 0:00:09]} Rxb3 {[%emt 0:00:26]} 39. d7 {[%emt 0:01:46]} Rd3
{[%emt 0:00:14]} 40. a7 {[%emt 0:00:16]} Rd2 {[%emt 0:00:56]} 41. Kg3 {[%emt
0:00:30]} Rd3 {[%emt 0:00:07]} 42. Kg2 {[%emt 0:00:43]} Rxd7 {[%emt 0:00:28]}
43. a8=Q {[%emt 0:00:22]} Nd3 {[%emt 0:00:31]} 44. Qc8 {[%emt 0:02:04]} Nf4
{[%emt 0:05:22]} 45. Kf3 {[%emt 0:00:24]} Rd5 {[%emt 0:01:48]} 46. Qc6 {[%emt
0:02:22]} Kg7 {[%emt 0:06:15]} 47. Nd6 {[%emt 0:00:46]} Rd3 {[%emt 0:06:11]}
48. Ke4 {[%emt 0:00:45]} Ng6 {[%emt 0:00:04]} 49. Nf5 {[%emt 0:00:08]} Kh7
{[%emt 0:00:17]} 50. Qf6 {[%emt 0:00:06]} 1-0

[Event "DVM U20 2022"]
[Site "Münster GER"]
[Date "2022.12.27"]
[Round "2"]
[White "Haufe, Laurin"]
[Black "Woelk, Tom-Frederic"]
[Result "0-1"]
[Termination "normal"]
[Board "1.2"]
[BlackTitle "FM"]
[WhiteElo "2139"]
[BlackElo "2281"]
[WhiteClock "00:04:13"]
[BlackClock "00:03:49"]
[WhiteTeam "Schachgemeinschaft Leipzig"]
[BlackTeam "Hamburger SK von 1830 eV"]
[PlyCount "82"]
[WhiteFideId "12976504"]
[BlackFideId "12993077"]
[EventCountry "GER"]
[EventRounds "7"]
[EventType "team-swiss"]
[EventDate "2022.12.26"]

1. e4 {[%emt 0:00:01]} e5 {[%emt 0:00:11]} 2. Nf3 {[%emt 0:00:06]} Nc6 {[%emt
0:00:04]} 3. d4 {[%emt 0:00:19]} exd4 {[%emt 0:00:05]} 4. Nxd4 {[%emt 0:00:05]}
Nf6 {[%emt 0:00:05]} 5. Nc3 {[%emt 0:02:15]} Bb4 {[%emt 0:00:23]} 6. Nxc6
{[%emt 0:00:42]} bxc6 {[%emt 0:02:25]} 7. Bd3 {[%emt 0:01:23]} d5 {[%emt
0:00:57]} 8. exd5 {[%emt 0:14:11]} O-O {[%emt 0:00:32]} 9. O-O {[%emt 0:01:28]}
cxd5 {[%emt 0:02:53]} 10. Bg5 {[%emt 0:02:07]} c6 {[%emt 0:00:43]} 11. Ne2
{[%emt 0:04:38]} Bg4 {[%emt 0:17:01]} 12. c3 {[%emt 0:03:55]} Be7 {[%emt
0:03:07]} 13. Qc2 {[%emt 0:04:13]} h6 {[%emt 0:00:16]} 14. Be3 {[%emt 0:02:50]}
Re8 {[%emt 0:07:34]} 15. Rfd1 {[%emt 0:06:11]} c5 {[%emt 0:12:13]} 16. h3
{[%emt 0:06:37]} Bd7 {[%emt 0:02:27]} 17. Nf4 {[%emt 0:02:20]} Bc6 {[%emt
0:03:50]} 18. Be2 {[%emt 0:01:20]} Qc7 {[%emt 0:03:24]} 19. Bf3 {[%emt
0:03:10]} Rad8 {[%emt 0:02:56]} 20. Rac1 {[%emt 0:06:17]} Bd6 {[%emt 0:04:27]}
21. Nd3 {[%emt 0:05:50]} Bd7 {[%emt 0:07:38]} 22. a3 {[%emt 0:09:34]} a5 {[%emt
0:02:47]} 23. b3 {[%emt 0:03:02]} Bf5 {[%emt 0:04:04]} 24. Qa2 {[%emt 0:02:16]}
Be4 {[%emt 0:07:00]} 25. Bxe4 {[%emt 0:04:27]} Nxe4 {[%emt 0:00:06]} 26. b4
{[%emt 0:00:40]} c4 {[%emt 0:00:32]} 27. Ne1 {[%emt 0:00:36]} Be5 {[%emt
0:02:26]} 28. Bd2 {[%emt 0:10:30]} Nxd2 {[%emt 0:03:15]} 29. Rxd2 {[%emt
0:00:05]} Bxc3 {[%emt 0:02:27]} 30. Re2 {[%emt 0:00:02]} axb4 {[%emt 0:00:20]}
31. axb4 {[%emt 0:00:08]} Bxb4 {[%emt 0:00:26]} 32. Rxe8 {[%emt 0:00:21]} Rxe8
{[%emt 0:00:06]} 33. Nf3 {[%emt 0:00:05]} Bc5 {[%emt 0:02:19]} 34. Rd1 {[%emt
0:00:20]} c3 {[%emt 0:02:29]} 35. Qc2 {[%emt 0:01:43]} d4 {[%emt 0:00:16]} 36.
Kf1 {[%emt 0:00:52]} Rd8 {[%emt 0:00:22]} 37. Qe4 {[%emt 0:00:09]} Qb6 {[%emt
0:03:01]} 38. Ne1 {[%emt 0:00:19]} Ba3 {[%emt 0:00:56]} 39. Nc2 {[%emt
0:00:22]} Qb3 {[%emt 0:00:52]} 40. Rxd4 {[%emt 0:01:02]} Rxd4 {[%emt 0:00:14]}
41. Nxd4 {[%emt 0:00:13]} Qd1 {[%emt 0:00:03]} 0-1

[Event "DVM U20 2022"]
[Site "Münster GER"]
[Date "2022.12.27"]
[Round "2"]
[White "Holinka, Henning"]
[Black "Neuhoff, Laertes"]
[Result "1-0"]
[Termination "normal"]
[Board "1.3"]
[WhiteElo "2256"]
[BlackElo "2033"]
[WhiteClock "00:33:12"]
[BlackClock "00:25:52"]
[WhiteTeam "Hamburger SK von 1830 eV"]
[BlackTeam "Schachgemeinschaft Leipzig"]
[PlyCount "43"]
[WhiteFideId "12967084"]
[BlackFideId "16279719"]
[EventCountry "GER"]
[EventRounds "7"]
[EventType "team-swiss"]
[EventDate "2022.12.26"]

1. e4 {[%emt 0:00:02]} c5 {[%emt 0:00:08]} 2. Nc3 {[%emt 0:00:06]} Nc6 {[%emt
0:00:06]} 3. f4 {[%emt 0:00:05]} g6 {[%emt 0:01:20]} 4. Nf3 {[%emt 0:00:31]}
Bg7 {[%emt 0:01:12]} 5. a4 {[%emt 0:00:26]} e6 {[%emt 0:03:13]} 6. e5 {[%emt
0:02:24]} Nge7 {[%emt 0:05:21]} 7. Ne4 {[%emt 0:08:27]} O-O {[%emt 0:07:49]} 8.
Nxc5 {[%emt 0:13:14]} d6 {[%emt 0:06:33]} 9. Nd3 {[%emt 0:01:59]} b6 {[%emt
0:05:51]} 10. b3 {[%emt 0:11:36]} dxe5 {[%emt 0:10:32]} 11. Ndxe5 {[%emt
0:08:13]} Nxe5 {[%emt 0:01:48]} 12. fxe5 {[%emt 0:00:18]} Bxe5 {[%emt 0:02:38]}
13. Nxe5 {[%emt 0:04:22]} Qd4 {[%emt 0:05:45]} 14. Bb2 {[%emt 0:01:26]} Qh4
{[%emt 0:01:39]} 15. g3 {[%emt 0:05:38]} Qe4 {[%emt 0:00:58]} 16. Qe2 {[%emt
0:00:31]} Qxh1 {[%emt 0:00:12]} 17. O-O-O {[%emt 0:03:12]} Qb7 {[%emt 0:17:47]}
18. Ng4 {[%emt 0:03:02]} Nf5 {[%emt 0:00:27]} 19. Bg2 {[%emt 0:00:50]} Qa6
{[%emt 0:00:44]} 20. Qe5 {[%emt 0:01:44]} f6 {[%emt 0:00:15]} 21. Nxf6 {[%emt
0:00:12]} Kf7 {[%emt 0:00:41]} 22. Bxa8 {[%emt 0:00:10]} 1-0

[Event "DVM U20 2022"]
[Site "Münster GER"]
[Date "2022.12.27"]
[Round "2"]
[White "Faßhauer, Jacob"]
[Black "Weihrauch, Jakob"]
[Result "0-1"]
[Termination "normal"]
[Board "1.4"]
[WhiteElo "2127"]
[BlackElo "2214"]
[WhiteClock "00:01:44"]
[BlackClock "00:07:08"]
[WhiteTeam "Schachgemeinschaft Leipzig"]
[BlackTeam "Hamburger SK von 1830 eV"]
[PlyCount "104"]
[WhiteFideId "12990167"]
[BlackFideId "16210115"]
[EventCountry "GER"]
[EventRounds "7"]
[EventType "team-swiss"]
[EventDate "2022.12.26"]

1. e4 {[%emt 0:00:02]} c5 {[%emt 0:00:07]} 2. c3 {[%emt 0:00:10]} Nf6 {[%emt
0:00:21]} 3. e5 {[%emt 0:00:24]} Nd5 {[%emt 0:00:04]} 4. Nf3 {[%emt 0:00:12]}
d6 {[%emt 0:00:40]} 5. d4 {[%emt 0:04:04]} cxd4 {[%emt 0:04:11]} 6. cxd4 {[%emt
0:01:10]} Nc6 {[%emt 0:10:26]} 7. Bc4 {[%emt 0:01:51]} Nb6 {[%emt 0:00:06]} 8.
Bb5 {[%emt 0:01:26]} dxe5 {[%emt 0:00:05]} 9. Nxe5 {[%emt 0:00:36]} Bd7 {[%emt
0:00:05]} 10. Nxd7 {[%emt 0:01:12]} Qxd7 {[%emt 0:00:02]} 11. Nc3 {[%emt
0:01:59]} e6 {[%emt 0:03:25]} 12. O-O {[%emt 0:02:09]} Rd8 {[%emt 0:00:09]} 13.
Qh5 {[%emt 0:02:15]} a6 {[%emt 0:20:05]} 14. Bxc6 {[%emt 0:06:51]} Qxc6 {[%emt
0:00:11]} 15. Rd1 {[%emt 0:03:32]} Nd5 {[%emt 0:09:58]} 16. Ne4 {[%emt
0:24:42]} Nb4 {[%emt 0:12:40]} 17. Bg5 {[%emt 0:07:14]} Qxe4 {[%emt 0:10:05]}
18. Bxd8 {[%emt 0:00:40]} Kxd8 {[%emt 0:01:15]} 19. Qxf7 {[%emt 0:01:58]} Be7
{[%emt 0:10:40]} 20. Re1 {[%emt 0:14:21]} Qf5 {[%emt 0:00:07]} 21. Qxg7 {[%emt
0:00:17]} Rf8 {[%emt 0:01:00]} 22. Re2 {[%emt 0:06:04]} Nd3 {[%emt 0:04:14]}
23. f3 {[%emt 0:06:57]} Nf4 {[%emt 0:01:50]} 24. Re4 {[%emt 0:00:10]} Rf6
{[%emt 0:06:28]} 25. Kh1 {[%emt 0:10:36]} Qg6 {[%emt 0:01:50]} 26. Qxg6 {[%emt
0:00:10]} hxg6 {[%emt 0:00:12]} 27. Rd1 {[%emt 0:00:48]} Kd7 {[%emt 0:02:08]}
28. g3 {[%emt 0:00:59]} Nd5 {[%emt 0:00:42]} 29. Kg2 {[%emt 0:00:12]} Kd6
{[%emt 0:00:56]} 30. Kf2 {[%emt 0:01:33]} Nb4 {[%emt 0:00:58]} 31. a3 {[%emt
0:00:06]} Nc6 {[%emt 0:00:06]} 32. Ke3 {[%emt 0:00:46]} Kd5 {[%emt 0:00:38]}
33. Rc1 {[%emt 0:00:41]} Rf8 {[%emt 0:00:43]} 34. Rg4 {[%emt 0:00:37]} Rg8
{[%emt 0:00:41]} 35. h4 {[%emt 0:00:14]} b6 {[%emt 0:00:30]} 36. Re4 {[%emt
0:00:47]} Re8 {[%emt 0:00:27]} 37. Kd3 {[%emt 0:00:30]} Bf6 {[%emt 0:00:10]}
38. Rc4 {[%emt 0:00:14]} Rd8 {[%emt 0:00:55]} 39. Rg4 {[%emt 0:00:44]} e5
{[%emt 0:00:29]} 40. Rxg6 {[%emt 0:00:33]} Rd6 {[%emt 0:00:27]} 41. Rc1 {[%emt
0:15:38]} exd4 {[%emt 0:07:23]} 42. f4 {[%emt 0:00:06]} Re6 {[%emt 0:03:21]}
43. g4 {[%emt 0:03:45]} Na5 {[%emt 0:03:50]} 44. Rc8 {[%emt 0:01:15]} Re3
{[%emt 0:02:08]} 45. Kc2 {[%emt 0:00:48]} Bxh4 {[%emt 0:02:43]} 46. Rxb6 {[%emt
0:07:15]} Nc4 {[%emt 0:01:47]} 47. Rb3 {[%emt 0:04:29]} Re2 {[%emt 0:02:09]}
48. Kc1 {[%emt 0:00:18]} Re1 {[%emt 0:02:53]} 49. Kc2 {[%emt 0:00:01]} Ne3
{[%emt 0:01:40]} 50. Kd2 {[%emt 0:00:01]} Ke4 {[%emt 0:00:52]} 51. Re8 {[%emt
0:00:27]} Kf3 {[%emt 0:00:15]} 52. Kd3 {[%emt 0:00:40]} Rd1# {[%emt 0:00:05]}
0-1

[Event "DVM U20 2022"]
[Site "Münster GER"]
[Date "2022.12.27"]
[Round "2"]
[White "Meyling, Lennart"]
[Black "Enxing, Philemon"]
[Result "1/2-1/2"]
[Termination "normal"]
[Board "1.5"]
[WhiteElo "2147"]
[BlackElo "1828"]
[WhiteClock "00:29:11"]
[BlackClock "00:11:46"]
[WhiteTeam "Hamburger SK von 1830 eV"]
[BlackTeam "Schachgemeinschaft Leipzig"]
[PlyCount "103"]
[WhiteFideId "12947130"]
[BlackFideId "16217632"]
[EventCountry "GER"]
[EventRounds "7"]
[EventType "team-swiss"]
[EventDate "2022.12.26"]

1. d4 {[%emt 0:00:02]} Nf6 {[%emt 0:00:08]} 2. Nf3 {[%emt 0:01:30]} e6 {[%emt
0:00:52]} 3. g3 {[%emt 0:00:11]} b6 {[%emt 0:05:07]} 4. Bg2 {[%emt 0:00:47]}
Bb7 {[%emt 0:00:43]} 5. O-O {[%emt 0:00:28]} c5 {[%emt 0:01:36]} 6. c3 {[%emt
0:07:11]} Be7 {[%emt 0:03:51]} 7. a4 {[%emt 0:02:48]} Nc6 {[%emt 0:10:48]} 8.
Re1 {[%emt 0:04:48]} d5 {[%emt 0:14:38]} 9. b3 {[%emt 0:13:24]} O-O {[%emt
0:02:04]} 10. Ba3 {[%emt 0:00:20]} Rb8 {[%emt 0:08:40]} 11. dxc5 {[%emt
0:03:29]} Bxc5 {[%emt 0:01:42]} 12. b4 {[%emt 0:02:31]} Bd6 {[%emt 0:03:15]}
13. Nbd2 {[%emt 0:00:23]} Qc7 {[%emt 0:05:38]} 14. Qb3 {[%emt 0:05:45]} Rfc8
{[%emt 0:04:25]} 15. Rac1 {[%emt 0:04:22]} Qe7 {[%emt 0:12:26]} 16. Bb2 {[%emt
0:03:20]} h6 {[%emt 0:04:47]} 17. Qa2 {[%emt 0:04:04]} Rc7 {[%emt 0:02:01]} 18.
Nb3 {[%emt 0:02:44]} Rbc8 {[%emt 0:01:31]} 19. a5 {[%emt 0:02:49]} bxa5 {[%emt
0:12:13]} 20. Nxa5 {[%emt 0:04:45]} Nxa5 {[%emt 0:00:05]} 21. Qxa5 {[%emt
0:00:05]} Ne4 {[%emt 0:00:58]} 22. Qxa7 {[%emt 0:02:06]} Nxc3 {[%emt 0:00:34]}
23. Rxc3 {[%emt 0:04:40]} Rxc3 {[%emt 0:00:14]} 24. Bxc3 {[%emt 0:00:04]} Rxc3
{[%emt 0:00:05]} 25. Rb1 {[%emt 0:00:58]} Rc4 {[%emt 0:02:07]} 26. b5 {[%emt
0:00:32]} Bc5 {[%emt 0:00:18]} 27. Qa2 {[%emt 0:05:50]} Bb6 {[%emt 0:01:22]}
28. Bf1 {[%emt 0:04:01]} Rb4 {[%emt 0:00:31]} 29. Qa3 {[%emt 0:00:27]} Bc5
{[%emt 0:00:31]} 30. Rxb4 {[%emt 0:00:09]} Bxb4 {[%emt 0:00:03]} 31. Qa7 {[%emt
0:00:09]} Bc5 {[%emt 0:01:21]} 32. Qb8 {[%emt 0:00:09]} Kh7 {[%emt 0:00:06]}
33. e3 {[%emt 0:00:04]} Bd6 {[%emt 0:01:52]} 34. Qa7 {[%emt 0:00:09]} Bc5
{[%emt 0:00:03]} 35. Qa4 {[%emt 0:01:38]} Qd6 {[%emt 0:00:31]} 36. Nd4 {[%emt
0:00:46]} Qb6 {[%emt 0:00:55]} 37. Nc6 {[%emt 0:06:12]} Bxc6 {[%emt 0:00:26]}
38. bxc6 {[%emt 0:00:06]} Bd6 {[%emt 0:00:31]} 39. Qa8 {[%emt 0:01:02]} Qb8
{[%emt 0:00:28]} 40. Qa6 {[%emt 0:00:29]} Kg8 {[%emt 0:00:24]} 41. Bd3 {[%emt
0:01:24]} Bc7 {[%emt 0:06:15]} 42. h4 {[%emt 0:01:21]} Qb6 {[%emt 0:11:18]} 43.
Qc8 {[%emt 0:00:59]} Bd8 {[%emt 0:00:04]} 44. Kg2 {[%emt 0:11:44]} Qc7 {[%emt
0:00:37]} 45. Qa8 {[%emt 0:00:09]} Qa5 {[%emt 0:00:09]} 46. Qb7 {[%emt
0:00:21]} Qb6 {[%emt 0:00:11]} 47. Bb5 {[%emt 0:00:19]} Qxb7 {[%emt 0:04:48]}
48. cxb7 {[%emt 0:00:21]} Bc7 {[%emt 0:00:05]} 49. Kf3 {[%emt 0:00:41]} Kf8
{[%emt 0:00:17]} 50. e4 {[%emt 0:00:09]} dxe4 {[%emt 0:00:59]} 51. Kxe4 {[%emt
0:00:29]} Ke7 {[%emt 0:00:06]} 52. g4 {[%emt 0:03:39] Ke8 [%emt 00:00:30]}
1/2-1/2

[Event "DVM U20 2022"]
[Site "Münster GER"]
[Date "2022.12.27"]
[Round "2"]
[White "Wang, Ruiming"]
[Black "Engel, Robert"]
[Result "0-1"]
[Termination "normal"]
[Board "1.6"]
[WhiteElo "1808"]
[BlackElo "2141"]
[WhiteClock "00:01:40"]
[BlackClock "00:27:07"]
[WhiteTeam "Schachgemeinschaft Leipzig"]
[BlackTeam "Hamburger SK von 1830 eV"]
[PlyCount "76"]
[WhiteFideId "16217659"]
[BlackFideId "12974684"]
[EventCountry "GER"]
[EventRounds "7"]
[EventType "team-swiss"]
[EventDate "2022.12.26"]

1. c4 {[%emt 0:00:03]} e5 {[%emt 0:01:38]} 2. g3 {[%emt 0:00:32]} Nf6 {[%emt
0:00:06]} 3. Nc3 {[%emt 0:00:32]} c6 {[%emt 0:02:21]} 4. Nf3 {[%emt 0:02:34]}
e4 {[%emt 0:00:38]} 5. Nd4 {[%emt 0:00:14]} d5 {[%emt 0:00:31]} 6. cxd5 {[%emt
0:00:09]} cxd5 {[%emt 0:00:06]} 7. Bg2 {[%emt 0:02:17]} Nc6 {[%emt 0:00:46]} 8.
Nxc6 {[%emt 0:00:46]} bxc6 {[%emt 0:00:15]} 9. d3 {[%emt 0:00:22]} exd3 {[%emt
0:03:12]} 10. Qxd3 {[%emt 0:00:27]} Be6 {[%emt 0:03:05]} 11. O-O {[%emt
0:00:32]} Be7 {[%emt 0:04:40]} 12. Bg5 {[%emt 0:06:32]} O-O {[%emt 0:02:35]}
13. Rac1 {[%emt 0:02:02]} h6 {[%emt 0:12:07]} 14. Bxf6 {[%emt 0:07:16]} Bxf6
{[%emt 0:00:27]} 15. Na4 {[%emt 0:01:11]} Qa5 {[%emt 0:02:23]} 16. b3 {[%emt
0:03:58]} Rac8 {[%emt 0:06:05]} 17. Rc5 {[%emt 0:11:12]} Qb4 {[%emt 0:02:40]}
18. Qa6 {[%emt 0:04:18]} Qd2 {[%emt 0:02:29]} 19. Rxc6 {[%emt 0:25:18]} Qxa2
{[%emt 0:08:31]} 20. Rxe6 {[%emt 0:04:20]} fxe6 {[%emt 0:01:31]} 21. Qxe6
{[%emt 0:00:07]} Kh8 {[%emt 0:00:27]} 22. Bxd5 {[%emt 0:00:50]} Rce8 {[%emt
0:00:46]} 23. Qf5 {[%emt 0:06:22]} Qxe2 {[%emt 0:01:56]} 24. Bc4 {[%emt
0:05:22]} Qe4 {[%emt 0:02:50]} 25. Qxe4 {[%emt 0:00:11]} Rxe4 {[%emt 0:00:07]}
26. Nc5 {[%emt 0:00:23]} Re7 {[%emt 0:01:05]} 27. Rd1 {[%emt 0:01:20]} Rc8
{[%emt 0:07:14]} 28. Nd3 {[%emt 0:05:41]} Rd8 {[%emt 0:02:08]} 29. Rc1 {[%emt
0:01:11]} Red7 {[%emt 0:00:57]} 30. Nf4 {[%emt 0:00:57]} Bg5 {[%emt 0:04:37]}
31. Re1 {[%emt 0:03:51]} Bxf4 {[%emt 0:01:12]} 32. gxf4 {[%emt 0:00:12]} Rd1
{[%emt 0:00:11]} 33. Rxd1 {[%emt 0:00:08]} Rxd1 {[%emt 0:00:05]} 34. Kg2 {[%emt
0:00:03]} g6 {[%emt 0:00:30]} 35. Kf3 {[%emt 0:00:59]} Kg7 {[%emt 0:00:43]} 36.
h3 {[%emt 0:01:01]} Kf6 {[%emt 0:00:22]} 37. Kg3 {[%emt 0:04:16]} Rc1 {[%emt
0:00:25]} 38. Bb5 {[%emt 0:00:48]} Rc3 {[%emt 0:00:15]} 0-1

[Event "DVM U20 2022"]
[Site "Münster GER"]
[Date "2022.12.27"]
[Round "2"]
[White "Biermann, Lenhard"]
[Black "Suvorov, Alexander"]
[Result "0-1"]
[Termination "normal"]
[Board "2.1"]
[BlackTitle "FM"]
[WhiteElo "2086"]
[BlackElo "2345"]
[WhiteClock "00:29:43"]
[BlackClock "00:29:01"]
[WhiteTeam "Schachgesellschaft Bochum 1931"]
[BlackTeam "Schachgemeinschaft Porz e. V."]
[PlyCount "82"]
[WhiteFideId "12970077"]
[BlackFideId "12977063"]
[EventCountry "GER"]
[EventRounds "7"]
[EventType "team-swiss"]
[EventDate "2022.12.26"]

1. d4 {[%emt 0:00:02]} Nf6 {[%emt 0:00:15]} 2. c4 {[%emt 0:00:08]} g6 {[%emt
0:00:09]} 3. Nc3 {[%emt 0:00:10]} Bg7 {[%emt 0:00:17]} 4. e4 {[%emt 0:00:29]}
d6 {[%emt 0:00:13]} 5. Nf3 {[%emt 0:00:14]} O-O {[%emt 0:00:31]} 6. Be2 {[%emt
0:00:12]} e5 {[%emt 0:01:49]} 7. dxe5 {[%emt 0:00:34]} dxe5 {[%emt 0:00:29]} 8.
Qxd8 {[%emt 0:00:09]} Rxd8 {[%emt 0:00:08]} 9. Bg5 {[%emt 0:00:14]} Nbd7 {[%emt
0:01:06]} 10. O-O-O {[%emt 0:01:28]} Rf8 {[%emt 0:01:13]} 11. Nd5 {[%emt
0:00:58]} Nxe4 {[%emt 0:02:09]} 12. Nxc7 {[%emt 0:38:29]} Nxg5 {[%emt 0:14:52]}
13. Nxg5 {[%emt 0:06:34]} Rb8 {[%emt 0:03:11]} 14. Ne4 {[%emt 0:02:41]} f5
{[%emt 0:08:21]} 15. Nd6 {[%emt 0:02:14]} Nf6 {[%emt 0:33:55]} 16. c5 {[%emt
0:02:56]} h5 {[%emt 0:01:00]} 17. Bc4 {[%emt 0:13:49]} Kh7 {[%emt 0:00:12]} 18.
Kb1 {[%emt 0:01:22]} Ng4 {[%emt 0:12:59]} 19. Nxc8 {[%emt 0:14:43]} Rfxc8
{[%emt 0:06:36]} 20. Rd7 {[%emt 0:00:55]} Kh6 {[%emt 0:04:19]} 21. f3 {[%emt
0:06:02]} Ne3 {[%emt 0:00:42]} 22. Bb3 {[%emt 0:00:56]} Nxg2 {[%emt 0:02:30]}
23. Ne6 {[%emt 0:01:08]} Bf6 {[%emt 0:01:08]} 24. Rg1 {[%emt 0:00:42]} Nh4
{[%emt 0:01:48]} 25. Rf7 {[%emt 0:01:52]} Nxf3 {[%emt 0:00:44]} 26. Rg3 {[%emt
0:01:10]} Nd2 {[%emt 0:00:22]} 27. Kc2 {[%emt 0:01:39]} Ne4 {[%emt 0:00:06]}
28. Rg2 {[%emt 0:00:38]} Nxc5 {[%emt 0:00:50]} 29. Kb1 {[%emt 0:01:42]} Nxe6
{[%emt 0:01:02]} 30. Bxe6 {[%emt 0:00:37]} Rf8 {[%emt 0:00:18]} 31. Rc7 {[%emt
0:00:25]} h4 {[%emt 0:00:51]} 32. a3 {[%emt 0:00:36]} Bg5 {[%emt 0:00:24]} 33.
Rg1 {[%emt 0:00:32]} e4 {[%emt 0:00:36]} 34. Rc2 {[%emt 0:00:12]} Rf6 {[%emt
0:00:40]} 35. Bd5 {[%emt 0:00:21]} Rd6 {[%emt 0:00:25]} 36. Bf7 {[%emt
0:00:14]} Rf8 {[%emt 0:00:34]} 37. Rc7 {[%emt 0:00:19]} Rb6 {[%emt 0:00:16]}
38. h3 {[%emt 0:00:28]} Rd8 {[%emt 0:00:27]} 39. Ka1 {[%emt 0:00:29]} Bf4
{[%emt 0:00:53]} 40. Re7 {[%emt 0:00:35]} Bg3 {[%emt 0:01:15]} 41. Rc1 {[%emt
0:02:09]} Rd2 {[%emt 0:02:33]} 0-1

[Event "DVM U20 2022"]
[Site "Münster GER"]
[Date "2022.12.27"]
[Round "2"]
[White "Suvorov, Luca"]
[Black "Biermann, Florian"]
[Result "1-0"]
[Termination "normal"]
[Board "2.2"]
[WhiteTitle "FM"]
[WhiteElo "2299"]
[BlackElo "2113"]
[WhiteClock "00:29:27"]
[BlackClock "00:00:38"]
[WhiteTeam "Schachgemeinschaft Porz e. V."]
[BlackTeam "Schachgesellschaft Bochum 1931"]
[PlyCount "65"]
[WhiteFideId "12977071"]
[BlackFideId "12970069"]
[EventCountry "GER"]
[EventRounds "7"]
[EventType "team-swiss"]
[EventDate "2022.12.26"]

1. d4 {[%emt 0:00:02]} f5 2. Bg5 h6 3. Bh4 g5 4. Bg3 Nf6 5. e3 d6 6. Nc3 Bg7 7.
h4 g4 8. h5 Nc6 9. Bc4 Na5 10. Bd3 c5 11. Bb5 Bd7 12. Qd3 cxd4 13. exd4 O-O 14.
Nge2 Nc6 15. O-O-O Qa5 16. a3 Rac8 17. f3 a6 18. Bc4 Kh7 19. Be1 Qd8 20. Nf4
Nxd4 21. Qxd4 Nxh5 22. Qe3 Nxf4 23. Qxf4 e5 24. Qe3 Rxc4 25. Rxd6 Rf6 26. Bh4
Qe7 27. Rxd7 Qxd7 28. Bxf6 Qd4 29. Qxd4 Rxd4 30. Bxg7 Kxg7 31. Ne2 Rd6 32. Ng3
Kg6 33. Rxh6 1-0